Shakespeare´s Comedies (Record no. 6693)
[ view plain ]
| 000 -CABECERA | |
|---|---|
| campo de control de longitud fija | 00762nam a2200241 a 4500 |
| 001 - NÚMERO DE CONTROL | |
| campo de control | BRCA_7012 |
| 005 - FECHA Y HORA DE LA ÚLTIMA TRANSACCIÓN | |
| campo de control | 20190321142934.0 |
| 008 - DATOS DE LONGITUD FIJA--INFORMACIÓN GENERAL | |
| campo de control de longitud fija | 251111s1900----enka######---#000-0#eng-# |
| 041 ## - CÓDIGO DE LENGUA | |
| Código de lengua del texto/banda sonora o título independiente | eng |
| 044 ## - CÓDIGO DEL PAÍS DE LA ENTIDAD EDITORA/PRODUCTORA | |
| Código MARC del país | enk |
| 050 #4 - SIGNATURA TOPOGRÁFICA DE LA BIBLIOTECA DEL CONGRESO | |
| Número de documento/Ítem | .S53 1900 |
| 100 1# - ENTRADA PRINCIPAL--NOMBRE DE PERSONA | |
| Nombre de persona | Shakespeare, William |
| Fechas asociadas al nombre | 1564-1616 |
| 9 (RLIN) | 10760 |
| 245 10 - MENCIÓN DE TÍTULO | |
| Título | Shakespeare´s Comedies |
| 260 ## - PUBLICACIÓN, DISTRIBUCIÓN, ETC. | |
| Lugar de publicación, distribución, etc. | Londres |
| Nombre del editor, distribuidor, etc. | Simpkin |
| Fecha de publicación, distribución, etc. | [19--] |
| 300 ## - DESCRIPCIÓN FÍSICA | |
| Extensión | 2 v. |
| Otras características físicas | il. |
| Dimensiones | 17 cm. |
| 500 ## - NOTA GENERAL | |
| Nota general | Título de cubierta: v.1.The comedies of Shakespeare.-- v.2.The tragedies of Shakespeare |
| 500 ## - NOTA GENERAL | |
| Nota general | Estado físico: lomo deteriorado en ambos volúmenes |
| 501 ## - NOTA DE "CON" | |
| Nota de “Con” | O20 |
| 505 0# - NOTA DE CONTENIDO CON FORMATO | |
| Nota de contenido con formato | Contenido: v.1. Shakespeare´s Comedies. -- v.2. Shakespeare´s Tragedies |
| 650 14 - PUNTO DE ACCESO ADICIONAL DE MATERIA--TÉRMINO DE MATERIA | |
| Término de materia o nombre geográfico como elemento de entrada | Literatura inglesa |
| 9 (RLIN) | 17444 |
| 902 ## - CATALOGADOR | |
| Iniciales | GFM |
| 942 ## - ELEMENTOS DE PUNTO DE ACCESO ADICIONAL (KOHA) | |
| Fuente del sistema de clasificación o colocación | Library of Congress Classification |
| Tipo de ítem Koha | Libros |
| Estado de retiro | Estado de pérdida | Estado dañado | No para préstamo | Localización permanente | Ubicación/localización actual | Fecha de adquisición | Total de préstamos | Signatura topográfica completa | Código de barras | Fecha visto por última vez | Precio válido a partir de | Tipo de ítem Koha |
|---|---|---|---|---|---|---|---|---|---|---|---|---|
| El ejemplar forma parte de la colección y puede ser consultado según las políticas vigentes. | Biblioteca del Museo Franz Mayer (Rogerio Casas-Alatriste) | Biblioteca del Museo Franz Mayer (Rogerio Casas-Alatriste) | 25/11/2011 | .S53 1900 | 7459 | 22/03/2019 | 22/03/2019 | Libros |